Megacites 2013 - Statistics

General Stats
  • This quiz has been taken 3,049 times
  • The average score is 25 of 29
Answer Stats
Country Population (m) City % Correct
Japan 34,700,000 Tokyo
100%
USA 21,600,000 New York
99%
United Kingdom 13,300,000 London
98%
Mexico 23,600,000 Mexico City
98%
Egypt 16,000,000 Cairo
97%
Russia 16,300,000 Moscow
97%
France 10,600,000 Paris
97%
South Korea 25,600,000 Seoul
96%
China 16,900,000 Beijing
95%
India 23,700,000 Delhi
94%
Turkey 13,600,000 Istanbul
94%
USA 17,100,000 Los Angeles
94%
China 26,000,000 Shanghai
93%
Thailand 14,300,000 Bangkok
91%
Indonesia 26,000,000 Jakarta
91%
Argentina 14,500,000 Buenos Aires
90%
India 21,200,000 Mumbai
90%
Philippines 21,900,000 Manila
88%
Brazil 21,400,000 São Paulo
87%
Iran 13,800,000 Tehran
85%
Japan 16,800,000 Osaka
78%
Brazil 12,800,000 Rio de Janeiro
78%
Nigeria 13,000,000 Lagos
76%
Bangladesh 16,000,000 Dhaka
72%
China 26,400,000 Guangzhou
71%
India 15,900,000 Calcutta
70%
Pakistan 22,300,000 Karachi
70%
China 10,100,000 Tianjin
34%
China 10,100,000 Shenzhen
30%
No matching quizzes found
Score Distribution
Percent of People with Each Score
Percentile by Number Answered
Your Score History
You have not taken this quiz